INTRODUCTORY STATISTICS (Record no. 186944)
[ view plain ]
| 000 -LEADER | |
|---|---|
| fixed length control field | 00236nam a2200097Ia 4500 |
| 050 ## - LIBRARY OF CONGRESS CALL NUMBER | |
| Classification number | QA 276.12 .M36 2004 |
| 100 ## - MAIN ENTRY--PERSONAL NAME | |
| Personal name | MANN,PREM S. |
| 245 #0 - TITLE STATEMENT | |
| Title | INTRODUCTORY STATISTICS |
| 942 ## - ADDED ENTRY ELEMENTS (KOHA) | |
| Koha item type | Long Loan Book |
| Withdrawn status | Lost status | Source of classification or shelving scheme | Damaged status | Not for loan | Collection | Home library | Current library | Date acquired | Inventory number | Total checkouts | Full call number | Barcode | Date last seen | Date last checked out | Copy number | Price effective from | Koha item type | Shelving location |
|---|---|---|---|---|---|---|---|---|---|---|---|---|---|---|---|---|---|---|
| Library of Congress Classification | Science & Technology | Kisii University Library | Kisii University Library | 09/15/2023 | 37730 | 6 | QA 276.12 .M36 2004 | 024805 | 03/25/2026 | 03/11/2026 | 1 | 09/15/2023 | Long Loan Book | |||||
| Library of Congress Classification | Science & Technology | Kisii University Library | Kisii University Library | 06/05/2025 | 37742 | QA 276.12.M36 2004 | 000000018168 | 06/05/2025 | C.2 | 06/05/2025 | Long Loan Book | On Display |